| 000 | 00832nam a2200265 i 4500 | ||
|---|---|---|---|
| 001 | 13758 | ||
| 003 | ES-MaACL | ||
| 005 | 20230906150646.0 | ||
| 007 | t| | ||
| 008 | 971204s1996 sp ||||0| spa j | ||
| 020 | _a84-7100-676-6 | ||
| 040 |
_aM-BN _bspa _cM-BN |
||
| 080 | _a9(=87) | ||
| 100 | 1 |
_aHasemann, George. _962033 |
|
| 245 | 1 | 4 |
_aLos indios de Centroamérica / _cGeorge Hasemann, Gloria Lara Pinto, Fernando Cruz Sandoval. |
| 260 |
_aMadrid : _bMAPFRE, _c[1996] |
||
| 300 |
_a422 p ; _c23 cm. |
||
| 490 | 1 | _aColección Indios de América | |
| 650 | 1 | 4 |
_aIndios de América central- _xHistoria. _913676 |
| 700 | 1 |
_aLara Pinto, Gloria. _970217 |
|
| 700 | 1 |
_aCruz Sandoval, Fernando. _941850 |
|
| 830 | 0 |
_aColección Indios de América _9179123 |
|
| 852 |
_aES-MaACL _jL-20782 _bR.126098 |
||
| 999 |
_c13758 _d13758 |
||